000 00766nam a2200313 a 4500
003 AR-BaBNM
005 20251128205737.0
008 082120s2002 ||||||||||||||000 | spa||
020 _a84-277-0550-6
040 _cAR-BaBNM
100 1 _aAparisi, Antonio
245 0 0 _aUtopía escolar y realismo educativo
260 _aMadrid
_bNarcea
_c1982
300 _a127 p.
490 0 _aEducación Hoy
650 4 _aUTOPIA
650 4 _aRELIGION
650 4 _aEDUCACION CRISTIANA
650 4 _aTEOLOGIA
650 4 _aREALISMO
650 4 _aEDUCACION RELIGIOSA
650 4 _aESCUELAS CONFESIONALES
650 4 _aESCUELAS PRIMARIAS
651 4 _aEspaña
653 _aEVANGELIZACION
653 _aEDUCACION SUPERIOR
942 _cBK
998 _carturo
999 _c12645
_d12645